000 00308nam a22000977a 4500
005 20250901165336.0
008 210312b ||||| |||| 00| 0 eng d
050 _aQA76
245 _aGCSE/Key stage 4 information systems and information technology
_cCRAWFORD, ROGER
942 _2lcc
_hQA76 .C73 1994
999 _c2426
_d2426